00840na a2200265 450000100060000000300080000600500170001400800410003102000150007203500100008704000250009708200350012210000220015724500900017924600120026926000360028130000250031750000490034250000190039150400150041060000390042565000490046465100350051370000260054815023MIRAKIL20181213155218.0160917b tu 000 0  a9754067244 a15023 aMilasbturcTR-AnCHP a956.93 Özkan,M.N.bB56m 2001 aBirinci, Ergin M. aM. Necati Özkan (1899-1970)bIV.ciltcErgin M.Birinci;derleyen Ahmet Necati Özkan aIV.cilt aİstanbulbCem yayınevic2001 a451 s.bres.c23 sm. aKütüphanemizde 3.cilt de bulunmaktadır. ac. aDizin var. aÖzkan,M.NecatixSiyasal yaşam  aDevlet adamlarıxYaşamöyküsü zKKTC aKıbrısxSiyaset ve yönetim aÖzkan,Ahmet Necati